| 000 | 00338nam a2200145Ia 4500 | ||
|---|---|---|---|
| 008 | 230312s9999||||xx |||||||||||||| ||und|| | ||
| 020 | _a9781305500372 | ||
| 082 |
_a658.478 _bCIA-S |
||
| 100 | _aMorris,Tee | ||
| 245 | 0 | _aPodcasting for dummies | |
| 260 |
_bCengage _aUSA _c2017 |
||
| 300 | _a229 | ||
| 650 |
_aComputer _vIT |
||
| 942 | _cBK | ||
| 999 |
_c17822 _d17822 |
||